Jeux Olympiques 2012 - Pays participants - Statistiques

Statistiques générales
  • Ce quiz a été pris 12 fois
  • Le résultat moyen est 125 sur 196
Réponses sur la Carte
Les réponses sont colorées sur une échelle allant du rouge au vert en fonction du pourcentage des utilisateurs qui les ont devinées à leur premier essai. Vous pouvez retrouver ces pourcentages ci-dessous.
 
Statistiques - réponses
Nombre d'athlètes Pays % Correct
281 Canada
91%
530 Etats-Unis
91%
105 Mexique
91%
436 Russie
82%
39 Algérie
73%
392 Allemagne
73%
137 Argentine
73%
410 Australie
73%
115 Belgique
73%
03 Belize
73%
264 Brési
73%
383 Chine
73%
03 Comores
73%
11 Costa Rica
73%
110 Cuba
73%
113 Egypte
73%
283 Espagne
73%
332 France
73%
105 Grèce
73%
19 Guatemala
73%
27 Honduras
73%
81 Inde
73%
66 Irlande
73%
37 Israël
73%
290 Italie
73%
293 Japon
73%
04 Madagascar
73%
05 Malte
73%
72 Maroc
73%
06 Nicaragua
73%
21 Pakistan
73%
75 Portugal
73%
04 République démocratique du Congo
73%
07 République du Congo
73%
542 Royaume-Uni
73%
10 Salvador
73%
36 Sénégal
73%
134 Suède
73%
102 Suisse
73%
114 Turquie
73%
06 Afghanistan
64%
125 Afrique du Sud
64%
09 Albanie
64%
18 Arabie Saoudite
64%
25 Arménie
64%
70 Autriche
64%
53 Azerbaidjan
64%
33 Bahamas
64%
12 Bahreïn
64%
05 Bangladesh
64%
05 Bénin
64%
02 Bhoutan
64%
166 Biélorussie
64%
06 Birmanie
64%
05 Bolivie
64%
04 Botswana
64%
05 Burkina Faso
64%
06 Cambodge
64%
33 Cameroun
64%
03 Cap-Vert
64%
35 Chili
64%
104 Colombie
64%
56 Corée du Nord
64%
259 Corée du Sud
64%
10 Côte d'Ivoire
64%
108 Croatie
64%
113 Danemark
64%
06 Djibouti
64%
30 Emirats arabes unis
64%
36 Equateur
64%
32 Estonie
64%
36 Ethiopie
64%
09 Fidji
64%
56 Finlande
64%
28 Gabon
64%
02 Gambie
64%
35 Géorgie
64%
04 Guinée
64%
04 Guinée-Bissau
64%
02 Guinée équatoriale
64%
06 Guyana
64%
05 Haïti
64%
158 Hongrie
64%
22 Indonésie
64%
08 Irak
64%
53 Iran
64%
27 Islande
64%
09 Jordanie
64%
114 Kazakhstan
64%
50 Kenya
64%
14 Kirghizistan
64%
03 Kiribati
64%
11 Koweït
64%
03 Laos
64%
05 Lesotho
64%
46 Lettonie
64%
10 Liban
64%
04 Liberia
64%
04 Libye
64%
04 Liechtenstein
64%
62 Lituanie
64%
04 Macédoine du Nord
64%
30 Malaisie
64%
07 Malawi
64%
03 Mali
64%
11 Maurice
64%
02 Mauritanie
64%
22 Moldavie
64%
06 Monaco
64%
29 Mongolie
64%
33 Monténégro
64%
06 Mozambique
64%
09 Namibie
64%
05 Népal
64%
06 Niger
64%
51 Nigeria
64%
64 Norvège
64%
04 Oman
64%
15 Ouganda
64%
54 Ouzbékistan
64%
08 Panama
64%
08 Paraguay
64%
178 Pays-Bas
64%
16 Pérou
64%
11 Philippines
64%
217 Pologne
64%
12 Qatar
64%
35 République dominicaine
64%
133 République tchèque
64%
103 Roumanie
64%
07 Rwanda
64%
04 Sainte-Lucie
64%
03 Saint-Vincent-et-les-Grenadines
64%
04 Salomon
64%
02 Sao Tomé-et-Principe
64%
115 Serbie
64%
02 Sierra Leone
64%
46 Slovaquie
64%
65 Slovénie
64%
02 Somalie
64%
06 Soudan
64%
Soudan du Sud
64%
07 Sri Lanka
64%
05 Suriname
64%
10 Syrie
64%
16 Tadjikistan
64%
07 Tanzanie
64%
02 Tchad
64%
37 Thaïlande
64%
06 Togo
64%
83 Tunisie
64%
10 Turkménistan
64%
238 Ukraine
64%
33 Uruguay
64%
69 Venezuela
64%
18 Vietnam
64%
04 Yémen
64%
07 Zambie
64%
07 Zimbabwe
64%
06 Andorre
55%
34 Angola
55%
06 Barbade
55%
06 Bosnie-Herzégovine
55%
03 Brunei
55%
63 Bulgarie
55%
06 Burundi
55%
13 Chypre
55%
02 Dominique
55%
12 Erythrée
55%
09 Ghana
55%
09 Grenade
55%
04 Iles Marshall
55%
49 Jamaïque
55%
05 Maldives
55%
06 Micronésie
55%
02 Nauru
55%
184 Nouvelle-Zélande
55%
08 Papouasie-Nouvelle-Guinée
55%
06 République Centrafricaine
55%
04 Saint-Marin
55%
08 Samoa
55%
06 Seychelles
55%
03 Swaziland
55%
44 Taïwan
55%
03 Tonga
55%
30 Trinite-et-Tobago
55%
03 Tuvalu
55%
05 Vanuatu
55%
04 Antigua-et-Barbuda
45%
09 Luxembourg
45%
05 Palaos
45%
06 Saint-Christophe-et-Niévès
45%
23 Singapour
45%
05 Palestine
36%
02 Timor oriental
27%
Aucun quiz correspondant
Distribution des résultats
% des personnes avec chaque résultat
Percentile par nombre de réponses
Votre historique - résultats
Vous n’avez pas pris ce quiz